| Tag |
First Indicator |
Second Indicator |
Subfields |
| LEADER |
00000cam a2200000 a 4500 |
| 001 |
in00000012464 |
| 005 |
20151007051831.0 |
| 008 |
870102s1987 moua b s00110 eng |
| 010 |
|
|
|a 86030902
|
| 020 |
|
|
|a 0826206190 (alk. paper)
|
| 035 |
|
|
|a (OCoLC)15107469
|
| 035 |
|
|
|9 AAA5028AM
|
| 040 |
|
|
|a DLC
|c DLC
|d TXA
|d UtOrBLW
|
| 043 |
|
|
|a n-us---
|
| 049 |
|
|
|a TXAM
|c [A12605245]
|
| 050 |
0 |
0 |
|a HF5851
|b .J39 1987
|
| 082 |
0 |
|
|a 769.5
|2 19
|
| 100 |
1 |
|
|a Jay, Robert.
|
| 245 |
1 |
4 |
|a The trade card in nineteenth-century America /
|c Robert Jay.
|
| 264 |
|
1 |
|a Columbia :
|b University of Missouri Press,
|c 1987.
|
| 300 |
|
|
|a 112 pages :
|b illustrations (some color) ;
|c 20 x 26 cm.
|
| 336 |
|
|
|a text
|b txt
|2 rdacontent
|
| 337 |
|
|
|a unmediated
|b n
|2 rdamedia
|
| 338 |
|
|
|a volume
|b nc
|2 rdacarrier
|
| 504 |
|
|
|a Bibliography: pages 107-110.
|
| 500 |
|
|
|a Includes index.
|
| 650 |
|
0 |
|a Advertising cards
|z United States
|x History
|y 19th century.
|
| 740 |
0 |
|
|a Trade card in 19th-century America.
|
| 999 |
|
|
|a MARS
|
| 999 |
f |
f |
|s 80413268-e94d-3d51-be07-a69c76527164
|i 6faa026b-52fa-3d48-95db-ccb251117316
|t 0
|
| 952 |
f |
f |
|p ric
|a Texas A&M University
|b Rellis Campus
|c Joint Library Facility
|d Remote Storage
|t 0
|e HF5851 .J39 1987
|h Library of Congress classification
|i unmediated -- volume
|m A14812605245
|
| 998 |
f |
f |
|a HF5851 .J39 1987
|t 0
|l Remote Storage
|